Geography Quiz

Random Geography or State Quiz
Score 0/25 Timer 06:00
9 Plays Today
% Correct
New York
93.6%
Kentucky
92.1%
Florida
91.6%
Michigan
91.6%
Virginia
91.3%
Louisiana
91%
Georgia
89.6%
Nevada
89.4%
Washington
88.9%
Hawaii
88.5%
Oregon
88.1%
Oklahoma
87.9%
Texas
87.9%
% Correct
Alaska
87%
Maine
86.7%
New Jersey
86.6%
Delaware
86.4%
Tennessee
86.2%
Mississippi
83.7%
Indiana
82.7%
Iowa
78.4%
Montana
74.6%
Massachusetts
69.4%
New Hampshire
68.7%
Idaho
59.8%
Remove Ads.
Support Sporcle.
Get the best of Sporcle when you Go Orange. This ad-free experience offers more features, more stats, and more fun while also helping to support Sporcle. Thank you for becoming a member.

You're not logged in!

Compare scores with friends on all Sporcle quizzes.
OR
Log In

Show Comments

Extras

Top Quizzes Today


Score Distribution

Your Account Isn't Verified!

In order to create a playlist on Sporcle, you need to verify the email address you used during registration. Go to your Sporcle Settings to finish the process.

Report this User

Report this user for behavior that violates our Community Guidelines.

Details: